Most Iconic Tourist Attractions 2023 - Statistics

General Stats
  • This quiz has been taken 36 times
  • The average score is 22 of 26
Answer Stats
Hint Answer % Correct
Sydney Opera House Australia
100%
Niagara Falls Canada
100%
Great Wall of China China
100%
Eiffel Tower France
100%
Taj Mahal India
100%
Mount Fuji Japan
100%
Buckingham Palace United Kingdom
100%
Old Havana Cuba
97%
The Parthenon Greece
97%
Disney World United States of America
97%
La Boca, Buenos Aires Argentina
94%
Christ the Redeemer Brazil
94%
The Great Sphinx Egypt
94%
Leaning Tower of Pisa Italy
94%
Chichen-Itza Mexico
91%
La Sagrada Familia Spain
91%
Dubrovnik Old Town Croatia
89%
Anne Frank House Netherlands
89%
Burj Khalifa UAE
83%
Patong Beach Thailand
77%
Hobbiton New Zealand
71%
Salar de Uyuni salt flats Bolivia
60%
Ba Na Hill Mountain Resort Vietnam
57%
Victoria Falls Zambia
51%
Blue Lagoon Iceland
43%
Hassan II Mosque Morocco
37%
No matching quizzes found
Score Distribution
Percent of People with Each Score
Percentile by Number Answered
Your Score History
You have not taken this quiz